| 000 | 00862nas a2200301 4500 | ||
|---|---|---|---|
| 001 | BR2018002704 | ||
| 003 | BR-BrBNA | ||
| 005 | 20231205131520.0 | ||
| 007 | ta | ||
| 008 | 230509b bl.|||p| |||| 00| 00por d | ||
| 040 |
_aBR-BrBNA _bpor _cBiblioteca Nacional de Agricultura |
||
| 041 | _a(En) | ||
| 072 | _aK10; U10 | ||
| 100 | 1 | _aAndrade, M.S. | |
| 100 | 1 | _aGorgens, E.B. | |
| 100 | 1 | _aReis, C.R. | |
| 100 | 1 | _aCantinho, R.Z. | |
| 100 | 1 | _aSato, L. | |
| 100 | 1 | _aOmetto, J.P.H.B. | |
| 245 | 1 | _aAirbone laser scanning for terrain modeling in the Amazon forest | |
| 650 | _aFLORESTA | ||
| 650 | _aPESQUISA | ||
| 650 | _aBIOMASSA | ||
| 650 | _aPROGRAMA DE COMPUTADOR | ||
| 773 | 0 |
_tActa Amazônica (Brazil) _xISSN 0044-5967 _g(Dec 2018), v. 48(4) p. 271-279 _wBR2018002704 |
|
| 909 |
_a202311 _bLúcia _c55 _dLúcia Elande |
||
| 942 |
_2AGRIS _n0 _cANA |
||
| 999 |
_c255226 _d255226 |
||